000 00976cam a2200241 i 4500
999 _c57789
_d57789
001 19051276
005 20201201130527.0
008 160411s2016 enk b 001 0 eng
020 _a9781785360091 (paperback)
041 _aeng
080 _a340.130.53(094.4) N-13
100 1 _aNadakavukaren Schefer, Krista
_eauthor.
_99804
245 1 0 _aInternational investment law :
_btext, cases and materials /
_cKrista Nadakavukaren Schefer, senior fellow, World Trade Institute, Bern, Switzerland.
250 _aSecond edition.
264 1 _aCheltenham, UK :
_bEdward Elgar Publishing,
_c2016.
300 _a638 pages ;
_c25 cm.
650 0 _aInvestments, Foreign
_xLaw and legislation.
_99805
650 0 _aInvestments, Foreign (International law)
_99806
653 _aსამართალი
653 _aსაერთაშორისო საინვესტიციო კანონი
653 _aინვესტიციები
942 _2udc
_cBK